000 01407nam0a22003131 4500
001 v19\rc\1786720
005 20250619074911.0
035 _a(NLR Aleph) 004879269
090 _a5154514
_c5154514
100 _a20061204d1904 |||y0rusy50 ca
101 1 _arus
_ceng
102 _aRU
105 _aa z |||||
200 1 _aТеория физического воспитания в элементарных школах
_fСост. Томас Честертон, ст. преп. физ. воспитании при Лондон. училищ. совете и основатель Брит. коллегий физ. воспитания
_gСо 2 англ. изд. пер. [и снабдил предисл.] В.Я. Герд
_g[Предисл.: полк. Онсло (G.M. Onstow), б. инспектор воен. гимнаст. школ в Великобритании]
210 _aМосква
_cА.А. Карцев
_d1904
215 _a175 с.
_cил.
_d18
700 1 _aЧестертон
_bТ.
_gТомас
_4220
702 1 _aГерд
_bВ.Я.
_gВасилий Яковлевич
_4730
_4570
702 1 _aОнсло
_bГ.М.
_4080
801 0 _aRU
_bNLR
_gpsbo
801 0 _aRU
_bRuMoRGB
_2psbo
801 1 _aRU
_bProSoft-M
_2rusmarc
852 _aNLR
_j38.55.8.1
852 _aNLR
_j18.387.7.3
899 _aRuMoRGB
_jJ 71/130
899 _aRuMoRGB
_jU 39/721
899 _aБАН
942 _cBOOK
980 _aNB